Vymeriavací základ z príjmu plynúceho z neplatne skončeného právneho vzťahu zamestnanca k zamestnávateľovi

Právna úprava Zákona č. 461/2003 Z. z. o sociálnom poistení. Podmienky aplikácie paragrafu 139 zákona o sociálnom poistení. Náhrada mzdy z neplatne skončeného právneho vzťahu podľa Zákonníka práce. Modelové situácie.

Gespeichert in:
Bibliographische Detailangaben
1. Verfasser: Karnetová, Jana
Format: Buchkapitel
Sprache:Slowakisch
Schlagworte:
Tags: Tag hinzufügen
Keine Tags, Fügen Sie das erste Tag hinzu!

MARC

LEADER 00000nla$a2200000$$$4500
001 0137230
005 20220729105248.6
041 0 |a slo 
044 |a SK 
245 1 0 |a Vymeriavací základ z príjmu plynúceho z neplatne skončeného právneho vzťahu zamestnanca k zamestnávateľovi  |c Jana Karnetová 
520 |a Právna úprava Zákona č. 461/2003 Z. z. o sociálnom poistení. Podmienky aplikácie paragrafu 139 zákona o sociálnom poistení. Náhrada mzdy z neplatne skončeného právneho vzťahu podľa Zákonníka práce. Modelové situácie. 
610 2 0 |a poistenie sociálne 
610 2 0 |a zabezpečenie sociálne 
610 2 0 |a základ vymeriavací 
610 2 0 |a zamestnávatelia 
610 2 0 |a zamestnanci 
610 2 0 |a vzťahy právne 
610 2 0 |a zákonník práce 
100 1 |a Karnetová, Jana